| 000 | 00405nam a2200169Ia 4500 | ||
|---|---|---|---|
| 003 | GCL | ||
| 008 | 140319s9999 xx 000 0 eng d | ||
| 040 |
_aGCL / _cGCL |
||
| 082 | 0 | 4 |
_a843 _bL C |
| 100 | 1 | _aGIDE, ANDRE | |
| 245 | 1 | 0 |
_aLES FAUX MONNYEURS / _cGIDE, ANDRE |
| 260 |
_a[S.N] : _bFOLIO ، _c1994 |
||
| 300 | _a379 P | ||
| 650 | 0 | 4 | _aLITERATURE |
| 650 | 0 | 4 | _aFRENCH LITERATURE |
| 942 |
_2ddc _cBK |
||
| 999 |
_c22564 _d22564 |
||